LIBRARY & INFORMATION CENTRE, KCAET, TAVANUR

ONLINE PUBLIC ACCESS CATALOGUE (OPAC)

Soil Physics / (Record no. 1806)

MARC details
000 -LEADER
fixed length control field 00635cam a2200265ua 4500
020 ## - INTERNATIONAL STANDARD BOOK NUMBER
ISBN 0 85226 302 3
041 ## - LANGUAGE CODE
Language code of text/sound track or separate title eng
082 ## - DEWEY DECIMAL CLASSIFICATION NUMBER
Classification number 631.43
Item number GHI/SO
100 ## - MAIN ENTRY--AUTHOR NAME
Personal name Ghildyal, B.P .
245 ## - TITLE STATEMENT
Title Soil Physics /
250 ## - EDITION STATEMENT
Edition statement 1 /
260 ## - PUBLICATION, DISTRIBUTION, ETC. (IMPRINT)
Place of publication New Delhi :
Name of publisher Wiley Eastern Ltd ,
Year of publication 1987.
300 ## - PHYSICAL DESCRIPTION
Number of Pages 656 ; .
700 1# - ADDED ENTRY--PERSONAL NAME
Personal name Tripathi, R.P .
942 ## - ADDED ENTRY ELEMENTS (KOHA)
Koha item type Books
Holdings
Withdrawn status Lost status Damaged status Home library Current library Date acquired Full call number Accession Number Koha item type
      KAUAET KAUAET 07/04/2012 631.43 17842 Books
      KAUAET KAUAET 07/04/2012 631.43 17846 Books
      KAUAET KAUAET 07/04/2012 631.43 17847 Books
      KAUAET KAUAET 07/04/2012 631.43 17844 Books
      KAUAET KAUAET 07/04/2012 631.43 17845 Books
      KAUAET KAUAET 07/04/2012 631.43 17843 Books
      KAUAET KAUAET 07/04/2012 631.43 20540 Books
free website counter